000 00671nam a2200181Ia 4500
008 100920s9999 xx 000 0 und d
082 _b70808
_a--- थ 97
100 _aअनु. कुलकर्णी अनिल रघुनाथ./ लॅपिअरे डॉमिनिक्र
245 _aसिटी ऑफ जॉय.
260 _bमेहता पब्लिशिंग हाऊस, पुणे 30.
_c1997
300 _a512
_bसाधी
365 _b300
520 _aकादंबरी.
630 _aसिटी ऑफ जॉय.
650 _aकादंबरी.
730 _aसिटी ऑफ जॉय.
942 _cBOOK
999 _c712782
_d712779